000 00292nam a22001337a 4500
008 181023b xxu||||| |||| 00| 0 eng d
020 _a9780132240451
041 _aeng
080 _a201
100 _a24
101 _aTEO
245 _aReligions of the World
_cHopfe, L.M
942 _2udc
_cBK
999 _c50624
_d50624